Top-Earning Celebrity Chefs Quiz Stats

 Plays Quiz Updated Nov 8, 2018

     
Support Sporcle.
Go Orange.
Score 0/10 Timer 04:00
1 Play Today
Clue Chef % Correct
Kitchen NightmaresGordon Ramsay
86.4%
Diners, Drive-Ins and DivesGuy Fieri
68.6%
Throwdown!Bobby Flay
61.9%
30 Minute MealsRachael Ray
60%
Queen of Southern CuisinePaula Deen
51.9%
SpagoWolfgang Puck
37.6%
Iron Chef AmericaMario Batali
23.4%
Japanese dishes with Peruvian ingredientsNobu Matsuhisa
9.7%
Cooking Under FireTodd English
5.5%
Benoit; Michelin - three cities, three starsAlain Ducasse
3.9%

From the Vault

'B' Antonyms

by RobPro

These antonyms just won't B-have.
Remove Ads.
Support Sporcle.
Get the best of Sporcle when you Go Orange. This ad-free experience offers more features, more stats, and more fun while also helping to support Sporcle. Thank you for becoming a member.

Show Comments

Extras

Top Quizzes Today


Score Distribution

Your Account Isn't Verified!

In order to create a playlist on Sporcle, you need to verify the email address you used during registration. Go to your Sporcle Settings to finish the process.

Report this User

Report this user for behavior that violates our Community Guidelines.

Details: